000 00725nam a2200253Ia 4500
003 OSt
005 20221005083809.0
006 a|||||r|||| 00| 0
007 ta
008 221004b |||||||| |||| 00| 0 eng d
020 _a0393098982 (pbk)
024 _a80740
037 _bGift, 01/01/2005,
_cTextual
040 _aCRL
_cCRL
_beng
041 _2eng
_aeng
082 _aV5.J59<-I60, L0
100 _aRice Eugene F.
_916471
245 0 _aFoundation of early modern Europe 1460-1559
260 _aNew Delhi
_bW.W.Norton & Company India
_c1970
300 _a181p.
_ccm.
650 _aHISTORY
942 _hV5.J59<-I60, L0
_cTEXL
_2cc
999 _c991543
_d991543